01036 2200337 4500001002100000005001700021008004100038020002200079035002400101040001200125041000800137082001400145084001400159090001600173100002500189245019300214250002100407260003100428300002800459504002700487650001900514700002200533700001900555700002300574700002200597700001300619850001200632990001800644990001800662990001800680INLIS00000000003196520171030114533.0  a978-979-21-3668-5 0010-101700000000643 aYOPDYOG0 aind042[23]a420 a420 Chr E aK 420 Chr E0 aCHRISTINA KRISTIYANI1 aEnglish book series for elementary school studentsbRainbow 1c/ Christina Kristiyani, Lucia Rina Tri K. ; editor, Flora Maharani, C. Erni Setyowati; ilustrasi, Hernawan, Heru Aji Jaladara aEd. Rev., Cet. 5 aYogyakartabKanisiusc2017 axii, 107bilus.c25 cm. aBibliografi : hlm. 107 4aBahasa Inggris aLucia Rina Tri K.0 aFlora Maharani0 aErni Setyowati, C.0 aHeru Aji Jaladara0 aHernawan aYOPDYOG a29389-PD/B.17 a29390-PD/B.17 a29391-PD/B.17